Development technology (International library of anthropology)

Author reminds us about stories of industrialization stage in Western

সংরক্ষণ করুন:
গ্রন্থ-পঞ্জীর বিবরন
প্রধান লেখক: Duller, H. J.
বিন্যাস: গ্রন্থ
ভাষা:Undetermined
প্রকাশিত: London Routledge & Kegan Paul 1982
বিষয়গুলি:
ট্যাগগুলো: ট্যাগ যুক্ত করুন
কোনো ট্যাগ নেই, প্রথমজন হিসাবে ট্যাগ করুন!
Thư viện lưu trữ: Trung tâm Học liệu Trường Đại học Cần Thơ
LEADER 00677nam a2200193Ia 4500
001 CTU_218834
008 210402s9999 xx 000 0 und d
082 |a 338.9 
082 |b D883 
100 |a Duller, H. J. 
245 0 |a Development technology (International library of anthropology) 
245 0 |c H. J. Duller 
260 |a London 
260 |b Routledge & Kegan Paul 
260 |c 1982 
520 |a Author reminds us about stories of industrialization stage in Western 
650 |a Economic development,Technical assistance,Phát triển kinh tế,Hỗ trợ kỹ thuật 
904 |i Nguyên 
980 |a Trung tâm Học liệu Trường Đại học Cần Thơ